000 00931cam a2200277 4500
008 000000n2001 000 0 eng u
020 _a1860814972
035 _a(Sirsi) u119783
041 _aeng
050 _a693.97
100 _aBagenholm, C.
110 _aBuilding Research Establishment
245 _aPrefabricated housing in the UK: a summary paper: Part 3
260 _aLondon
_bCRC Ltd
_c2001
300 _a6p.
_bill.
_c30cm.
490 _aBRE Information Paper
_v16/01
520 _aThis Information Paper is in three parts: Parts 1 & 2 describe two case studies and Part 3 summarises the project. For Part 1 see: 1860814956; and for Part 2 see: 1860814964
650 _aPRE-FABRICATION
650 _aPRE-FABRICATED MATERIALS
650 _aHOUSING
650 _aMODULAR CONSTRUCTION
690 _aBUILT ENVIRONMENT-BUILDING MATERIALS
700 _aYates, A.
700 _aMcAllister, I.
942 _n0
999 _c102391
_d102391